| 000 | 00517nam a22001817a 4500 | ||
|---|---|---|---|
| 005 | 20160725101945.0 | ||
| 010 | _aENG-115506 | ||
| 020 |
_a9789381384339 _c96.00 |
||
| 035 | _aEN-99038 | ||
| 037 | _bDBAD/PUB | ||
| 082 | _a793.8 | ||
| 100 | _aPattabhi Ram | ||
| 245 |
_aMagic for childrern / _bby Pattabhi Ram |
||
| 260 |
_aNew Delhi _bV & S Publishers _c2015 |
||
| 270 |
_aF-2/16,Ansari Road,Daryaganj _bNew Delhi _e110002 |
||
| 300 |
_a119p. : _c21cm(pbk) _bill |
||
| 942 |
_2ddc _cEN _h793.8 _mPAT |
||
| 999 |
_c101429 _d101429 |
||